• 首页
  • 本馆介绍
  • 公告通知
  • 最新文献
  • 馆藏检索
  • 电子资源
  • 读者导购
  • 参考咨询
  • 我的图书馆
  • 登录
  • 详细信息显示
  • 放入我的书架
  • 预约/预借图书
  • 作者相关作品
  • 分类相关作品
  • 丛书相关作品
  • 出版社相关作品

书目信息

  • 表格格式
  • 工作单格式
  • 卡片格式
题名:
物流法律法规知识
    
 
作者: 王峰 , 郭晓莉 主编
分册:  
出版信息: 北京   北京理工大学出版社  2015.1
页数: 276页
开本: 26cm
丛书名: 面向21世纪高等学校精品规划教材
单 册:
中图分类: D922.294.1-43
科图分类:
主题词: 物流--物资管理--法规--中国--高等学校--教材
电子资源:
ISBN: 978-7-5682-0113-1
000 00926nam 2200289 450
001 351734
005 20161017103054.16
010    @a978-7-5682-0113-1@dCNY45.00
100    @a20150318d2015 ekmy0chiy50 ea
101 0  @achi
102    @aCN@b110000
105    @ay a 000yy
106    @ar
200 1  @a物流法律法规知识@f王峰, 郭晓莉主编
205    @a3版
210    @a北京@c北京理工大学出版社@d2015.1
215    @a276页@d26cm
225 2  @a面向21世纪高等学校精品规划教材@i物流管理专业
320    @a有书目。
330    @a本书共分11章分析和介绍了物流法律法规的基础知识。每章后有案例分析和习题,内容全面,结构合理,融理论性和实践性为一体。
410  0 @12001^@a面向21世纪高等学校精品规划教材
606 0  @a物流@x物资管理@x法规@y中国@x高等学校@j教材
690    @aD922.294.1-43@v5
701  0 @a王峰@4主编
701  0 @a郭晓莉@4主编
801  0 @aCN@bTANGWEI@c20161009
905    @b0896250-4@dD922.294.1-43@e1446=3@f5
    
    物流法律法规知识/王峰, 郭晓莉主编.-3版.-北京:北京理工大学出版社,2015.1
    276页;26cm.-(面向21世纪高等学校精品规划教材.物流管理专业)
    
    
    ISBN 978-7-5682-0113-1:CNY45.00
    本书共分11章分析和介绍了物流法律法规的基础知识。每章后有案例分析和习题,内容全面,结构合理,融理论性和实践性为一体。
●
相关链接 在E读中查询图书 在五车中查询图书 在当当中查询图书 在豆瓣中查询图书


正题名:物流法律法规知识     索取号:D922.294.1-43/1446=3         预约/预借

序号 登录号 条形码 馆藏地/架位号 状态 备注
1 0896250   208962504   第一样本阅览室/ [索取号:D922.294.1-43/1446=3] 在馆    
2 0896251   208962513   第一借阅区/ [索取号:D922.294.1-43/1446=3] 在馆    
3 0896252   208962522   第一借阅区/ [索取号:D922.294.1-43/1446=3] 在馆    
4 0896253   208962531   第一借阅区/ [索取号:D922.294.1-43/1446=3] 在馆    
5 0896254   208962540   密集书库-史法系/ [索取号:D922.294.1-43/1446=3] 在馆    
唐山师范学院图书馆 欢迎您!
大连网信软件有限公司© 版权所有